Подробности
| 000 -МАРКЕР |
| контрольное поле |
03973ncm0a2200409 4500 |
| 001 - ИДЕНТИФИКАТОР ЗАПИСИ |
| контрольное поле |
RU\NLR\ONIZ\217376 |
| 005 - ИДЕНТИФИКАТОР ВЕРСИИ |
| контрольное поле |
20250626062547.0 |
| 035 ## - ДРУГИЕ СИСТЕМНЫЕ НОМЕРА |
| Идентификатор записи |
RU\NLR\ONIZ\natafirs\5000001920\20170511155741 |
| 035 ## - ДРУГИЕ СИСТЕМНЫЕ НОМЕРА |
| Идентификатор записи |
(NLR Aleph) 011414873 |
| 071 20 - ИЗДАТЕЛЬСКИЙ НОМЕР |
| Номер, присвоенный агентством |
с 1828 к |
| 100 ## - ДАННЫЕ ОБЩЕЙ ОБРАБОТКИ |
| Данные общей обработки |
20170511d2006 |||y0rusy50 ca |
| 101 0# - ЯЗЫК РЕСУРСА |
| Язык текста, звукозаписи и т.д. |
английский |
| -- |
русский |
| 102 ## - СТРАНА ПУБЛИКАЦИИ ИЛИ ПРОИЗВОДСТВА |
| Страна публикации |
Российская Федерация |
| 125 ## - ПОЛЕ КОДИРОВАННЫХ ДАННЫХ: ЗВУКОЗАПИСИ И НОТНЫЕ ИЗДАНИЯ |
| Форма изложения нотного текста |
zy |
| 128 ## - ПОЛЕ КОДИРОВАННЫХ ДАННЫХ: МУЗЫКАЛЬНАЯ ФОРМА, ТОНАЛЬНОСТЬ И ЛАД |
| Музыкальная форма |
ccn |
| 145 0# - ПОЛЕ КОДИРОВАННЫХ ДАННЫХ: СРЕДСТВО ИСПОЛНЕНИЯ МУЗЫКАЛЬНОГО ПРОИЗВЕДЕНИЯ (УСТАРЕВШЕЕ) |
| Тип средства исполнения |
a |
| 200 1# - ЗАГЛАВИЕ И СВЕДЕНИЯ ОБ ОТВЕТСТВЕННОСТИ |
| Основное заглавие |
Песни Владимира Высоцкого |
| Общее обозначение материала |
Ноты |
| Параллельное заглавие |
Songs by Vladimir Vysotsky |
| Сведения, относящиеся к заглавию |
песенник [для голоса с букв.-цифр. обозн. партии сопровожд.] |
| Первые сведения об ответственности |
В. С. Высотский |
| Язык параллельного заглавия |
английский |
| 210 ## - ПУБЛИКАЦИЯ, РАСПРОСТРАНЕНИЕ И ДР. |
| Место издания, распространения и т.д. |
Санкт-Петербург |
| Имя издателя, распространителя и т. д. |
Композитор-Санкт-Петербург |
| Дата издания, распространения и т.д. |
2006 |
| 215 ## - ФИЗИЧЕСКАЯ ХАРАКТЕРИСТИКА |
| Специфическое обозначение материала и объем |
54 с. |
| Другие сведения о физической характеристике |
фото |
| Размеры |
29 см |
| 327 1# - ПРИМЕЧАНИЯ О СОДЕРЖАНИИ |
| Текст примечания |
1. Так случилось - мужчины ушли... = Men have gone... ; 2. Штрафные батальоны = Penal Battalions ; 3. Братские могилы = Communal Grave ; 4. Охота на волков = Hunt for Wolves ; 5. О фатальных датах и цифрах = About Fatal Cates and Figures ; 6. Дом хрустальный = Marble House ; 7. Мы все живем как будто, но... = We all Live as if, but... ; 8. Я не люблю = I don't like ; 9. Товарищи ученые = Comrades Scientists ; 10. Здесь вам не равнина = Here is not the Plain ; 11. Сыновья уходят в бой = Sons Leave for War ; 12. Прощание с горами = Forewell to the Mountains ; 13. Он не вернулся из боя = He Didn't Return After Battle ; 14. Песня о друге = Song About the Comrade ; 15. Песня о звездах = Song About the Stars ; 16.- |
| 327 1# - ПРИМЕЧАНИЯ О СОДЕРЖАНИИ |
| -- |
^^ |
| Текст примечания |
Здесь лапы у елей дрожат на весу... = Here the Pine branches are trembling... ; 17. Утренняя гимнастика = Morning Exercises ; 18. Песенка ни про что, или Что случилось в Африке = Song About nothing, or What Happened in Africa ; 19. Про любовь в Средние века = About Medieval Love ; 20. Москва - Одесса = Moscow - Odessa ; 21. Песня о новом времени = Song About New Time ; 22. В холода, в холода... = When Cold, when Cold... ; 23. Песня о нейтральной полосе = Song of Neutral Line ; 24. Ну вот, исчезла дрожь в руках... = Here the Hands Aren't Shivering ; 25. Она была в Париже = She Was in Paris ; 26. Одна научная загадка, или Почему аборигены съели Кука = One Scientific Puzzle, or Why Aboriginals Ate Cook ; 27.- |
| 327 1# - ПРИМЕЧАНИЯ О СОДЕРЖАНИИ |
| -- |
^^ |
| Текст примечания |
Песня-сказка о нечисти = Song-tale About Evil ; 28. Корабли постоят - и ложатся на курс... = Ships will Stand and Lie to Course... ; 29. Еще не вечер = It's not the End of the World ; 30. Песня о земле = Song of the Earth ; 31. Песня о погибшем летчике = Song of the Perished Pilot ; 32. Песня о вольных стрелках = Song of Free Shots ; 33. Мы вращаем землю = We Turn the Earth |
| 606 1# - НАИМЕНОВАНИЕ ТЕМЫ КАК ПРЕДМЕТ |
| Наименование темы |
Авторская песня |
| Географический подзаголовок |
Россия |
| Хронологический подзаголовок |
20-21 в. |
| Код системы |
nlr_sh |
| 686 ## - ИНДЕКСЫ ДРУГИХ КЛАССИФИКАЦИЙ |
| Индекс |
Щ943.4-99-041.5(2Р=Рус)я44 |
| Издание |
LBC/SL |
| Код системы |
|
| 686 ## - ИНДЕКСЫ ДРУГИХ КЛАССИФИКАЦИЙ |
| Индекс |
Щ94я438(2Р) |
| Издание |
LBC/SL |
| Код системы |
|
| 686 ## - ИНДЕКСЫ ДРУГИХ КЛАССИФИКАЦИЙ |
| Индекс |
Щ943, 8(В. Высоцкий) |
| Издание |
LBC/SL |
| Код системы |
|
| 700 #1 - ИМЯ ЛИЦА - ПЕРВИЧНАЯ ОТВЕТСТВЕННОСТЬ |
| Системный номер авторитетной/нормативной записи |
z02790 |
| Начальный элемент ввода |
Высотский |
| Часть имени, кроме начального элемента ввода |
В. С. |
| Даты |
1938-1980 |
| Расширение инициалов личного имени |
Владимир Семёнович |
| Код отношения |
Композитор |
| -- |
Лирик |
| Графика поля |
Кириллица |
| 790 #1 - ИМЯ ЛИЦА - АЛЬТЕРНАТИВНАЯ ФОРМА |
| Системный номер авторитетной/нормативной записи |
z02700 |
| Начальный элемент ввода |
Vysotsky |
| Часть имени, кроме начального элемента ввода |
V. S. |
| Даты |
1938-1980 |
| Расширение инициалов личного имени |
Vladimir Semyonovich |
| Код отношения |
Композитор |
| -- |
Лирик |
| Графика поля |
Латинская |
| 801 #0 - ИСТОЧНИК ЗАПИСИ |
| Страна |
Российская Федерация |
| Организация |
NLR |
| Дата составления |
20170511 |
| Правила каталогизации |
PSBO |
| 801 #1 - ИСТОЧНИК ЗАПИСИ |
| Страна |
Российская Федерация |
| Организация |
NLR |
| Дата составления |
20170511 |
| Источник данных |
rusmarc |
| 801 #2 - ИСТОЧНИК ЗАПИСИ |
| Страна |
Российская Федерация |
| Организация |
NLR |
| Дата составления |
20191016 |
| 852 ## - МЕСТОНАХОЖДЕНИЕ И ШИФР ХРАНЕНИЯ |
| Идентификатор организации |
NLR |
| Наименование фонда или коллекции (Sub-Location Identifier) |
М |
| Шифр хранения (Call Number) |
К-3/26390 |
| Страна |
|
| Номер экземпляра |
1 |
| 942 ## - ДОПОЛНИТЕЛЬНЫЕ ЭЛЕМЕНТЫ ЗАПИСИ (АБИС) |
| Тип экземпляра АБИС |
Ноты |
| 980 ## - КОЛЛЕКЦИЯ |
| Название коллекции |
Национальная библиография |
| 980 ## - КОЛЛЕКЦИЯ |
| Название коллекции |
Отдел нот и звукозаписей |